[Event "Florianopolis op 11th"]
[Site "Florianopolis"]
[Date "2025.01.21"]
[Round "5"]
[White "Leith Acosta, Marcelo Alejandro"]
[Black "Vaz, Osvaldo Jose"]
[Result "1/2-1/2"]
[WhiteElo "1570"]
[BlackElo "1765"]
[PlyCount "39"]
[EventDate "2025.01.18"]
[EventType "swiss"]
[EventRounds "10"]
[EventCountry "BRA"]
[SourceTitle "CB05_2025"]
[SourceDate "2025.01.29"]
[SourceVersion "1"]
[SourceVersionDate "2025.01.29"]
[SourceQuality "1"]

1. d4 Nf6 2. Nf3 g6 3. Bg5 Bg7 4. e3 0-0 5. Be2 b6 6. c3 Bb7 7. Nbd2 Re8 8. 0-0 d6 9. Qc2 Nbd7 10. Rad1 Qc8 11. Rfe1 c5 12. h3 a6 13. a4 Ra7 14. Nh2 e5 15. dxe5 dxe5 16. Nc4 Qc6 17. Bf3 e4 18. Be2 Nd5 19. Rd2 Ba8 20. Red1 1/2-1/2

[Event "Florianopolis op 11th"]
[Site "Florianopolis"]
[Date "2025.01.20"]
[Round "4"]
[White "De Miranda, Eduardo Rodrigues C"]
[Black "Leith Acosta, Marcelo Alejandro"]
[Result "1-0"]
[WhiteElo "1859"]
[BlackElo "1570"]
[PlyCount "69"]
[EventDate "2025.01.18"]
[EventType "swiss"]
[EventRounds "10"]
[EventCountry "BRA"]
[SourceTitle "CB05_2025"]
[SourceDate "2025.01.29"]
[SourceVersion "1"]
[SourceVersionDate "2025.01.29"]
[SourceQuality "1"]

1. e4 c5 2. Nf3 Nc6 3. d4 cxd4 4. Nxd4 Nf6 5. Nc3 e6 6. Be3 Bb4 7. Ndb5 Nxe4 8. Qg4 Nxc3 9. a3 Nxb5+ 10. axb4 Nc7 11. Qxg7 Rf8 12. 0-0-0 b6 13. b5 Ne7 14. Bh6 Rg8 15. Qxh7 Bb7 16. Be2 d5 17. Bh5 Kd7 18. Bxf7 Rh8 19. Qg7 Qf8 20. Qxf8 Rhxf8 21. Bxf8 Rxf8 22. Bh5 Rxf2 23. Bf3 Nxb5 24. h4 e5 25. h5 Ke6 26. h6 Ng6 27. h7 Nh8 28. Rh6+ Ke7 29. Bxd5 Bxd5 30. Rxd5 Nd4 31. Rxe5+ Kf7 32. Rd5 Ne2+ 33. Kd1 Rxg2 34. Rd7+ Kf8 35. Rc6 1-0

[Event "Florianopolis op 11th"]
[Site "Florianopolis"]
[Date "2025.01.18"]
[Round "1"]
[White "Leith Acosta, Marcelo Alejandro"]
[Black "Kayser, Gustavo Warmling"]
[Result "0-1"]
[WhiteElo "1570"]
[BlackElo "2036"]
[PlyCount "62"]
[EventDate "2025.01.18"]
[EventType "swiss"]
[EventRounds "10"]
[EventCountry "BRA"]
[SourceTitle "CB05_2025"]
[SourceDate "2025.01.29"]
[SourceVersion "1"]
[SourceVersionDate "2025.01.29"]
[SourceQuality "1"]

1. d4 Nf6 2. Nf3 g6 3. Bg5 Bg7 4. e3 0-0 5. Be2 c5 6. c3 b6 7. 0-0 Bb7 8. Nbd2 d6 9. Qb3 Nbd7 10. Rad1 Qc7 11. Bh4 Rfe8 12. h3 h6 13. Bg3 a6 14. Bd3 b5 15. Bb1 e5 16. dxe5 dxe5 17. Qc2 Qc6 18. e4 c4 19. Rfe1 Nh5 20. Bh2 Nc5 21. Qc1 Rad8 22. Nf1 Rxd1 23. Qxd1 Nf4 24. Bxf4 exf4 25. N1d2 Qd6 26. Nf1 Qxd1 27. Rxd1 Bxe4 28. Bxe4 Rxe4 29. Rd6 Re6 30. Rd8+ Bf8 31. Nd4 Re1 0-1